| 000 | 00347nam a2200145Ia 4500 | ||
|---|---|---|---|
| 008 | 150201s2008 xx 000 0 und d | ||
| 082 |
_a617 _bP08C |
||
| 100 | _aCARDEN, JAMES O. | ||
| 245 | _aPRINCIPLES AND PRACTICE OF SURGERY | ||
| 250 | _a5TH | ||
| 260 |
_bCHURCHILL _aEDINBERGH _c2008 |
||
| 300 | _a1-593 | ||
| 650 | _aSURGERY | ||
| 942 |
_2ddc _cBK |
||
| 999 |
_c225 _d225 |
||